01287nam a2200289 a 4500008004100000020001500041050001600056100001900072245005200091260003100143300003500174350000900209650001400218650003000232650002500262650002300287650003700310650001600347650001400363650004300377650002700420995015100447995012700598999001700725952013500742952012000877120416s1982 ||||||||||||||||| || u a0070013608 aNA 2540 Alp aAlpern, Andrew10aHandbook of specialty elements in architecture. aLondon:bMcGraw-Hillc1982 axix, 484 pages : illustrations a0.00 aFountains aSymbolism in architecture aBARRIER--FREE DESIGN aRecreation centers aARCHITECTURAL DESIGN--EVALUATION aPlaygrounds aTEXTBOOKS aLighting, Architectural and decorative aLANDSCAPE ARCHITECTURE aMAIN LIBRARY OPEN ACCESSD0.00e707565FCBU-MAIN LIBRARY (Kitwe)H1I43.50jNA 2540 AlpM1UAVAILABLEy010180ZMain Library Open Access Collection aREFERENCE BOOKSD0.00e720830FCBU-MAIN LIBRARY (Kitwe)H2I43.50jNA 2540 HanM2UREFERENCEy022870ZReference Collection c76113d76113 00102lcc4070a001b001cMain Library Open Access Collectiond2023-04-25l0oNA 2540 Alpp010180r2023-04-25t1w2023-04-25y002 00102lcc4070a001b001cReference Collectiond2023-04-25l0oNA 2540 Alpp022870r2023-04-25t2w2023-04-25y019